Budget 1992-93: deception in fiscal management (Record no. 21505)
[ view plain ]
| 000 -LEADER | |
|---|---|
| fixed length control field | 00310pab a2200121 454500 |
| 008 - FIXED-LENGTH DATA ELEMENTS--GENERAL INFORMATION | |
| fixed length control field | 180718b xxu||||| |||| 00| 0 eng d |
| 100 ## - MAIN ENTRY--PERSONAL NAME | |
| Personal name | Sezhiyan, Era |
| 245 ## - TITLE STATEMENT | |
| Title | Budget 1992-93: deception in fiscal management |
| 650 ## - SUBJECT ADDED ENTRY--TOPICAL TERM | |
| Topical term or geographic name entry element | Financial Management |
| 650 ## - SUBJECT ADDED ENTRY--TOPICAL TERM | |
| Topical term or geographic name entry element | Budget - India |
| 773 ## - HOST ITEM ENTRY | |
| Main entry heading | Janata |
| 909 ## - | |
| -- | 21505 |
| Withdrawn status | Lost status | Damaged status | Not for loan | Permanent Location | Current Location | Date acquired | Serial Enumeration / chronology | Barcode | Date last seen | Price effective from | Koha item type |
|---|---|---|---|---|---|---|---|---|---|---|---|
| Indian Institute of Public Administration | Indian Institute of Public Administration | 2018-07-19 | Issue no: 47(9), 26 Apr.92, p.9-11 | AR21574 | 2018-07-19 | 2018-07-19 | Articles |
